00639nam a22002057a 450000500170000001000130001702000230003003500130005303700160006604000120008208200160009410000160011024500680012626000460019427000620024030000250030250000590032765000280038665000190041420170124110206.0 aB-226775 c450.00a8180690431 aB-226775 bCen Lib/Ret aDPLbEN a070.43bGUP aGupta, V.S. aHandbook of reporting and communication skills /cby V.S. Gupta aNew DelhibConcept Publishing Housec2003 aA-15/16, Commercial Block Mohan GardenbNew Delhie110059 axxv,220p. c22cm(Hb) aIncludes glossary, bibliographical reference and index aReporters and reporting aCommunication